|
|
|
|
| LEADER |
02008nam a2200457 i 4500 |
| 001 |
EBC3061292 |
| 003 |
MiAaPQ |
| 005 |
20200520144314.0 |
| 006 |
m o d | |
| 007 |
cr cnu|||||||| |
| 008 |
140530t20062002enk ob 001 0 eng d |
| 020 |
|
|
|z 9780826456120
|
| 020 |
|
|
|z 9780826458117
|
| 020 |
|
|
|a 9780203056240
|q (electronic bk.)
|
| 035 |
|
|
|a (MiAaPQ)EBC3061292
|
| 035 |
|
|
|a (Au-PeEL)EBL3061292
|
| 035 |
|
|
|a (CaPaEBR)ebr10872808
|
| 035 |
|
|
|a (CaONFJC)MIL762634
|
| 035 |
|
|
|a (OCoLC)922959403
|
| 040 |
|
|
|a MiAaPQ
|b eng
|e rda
|e pn
|c MiAaPQ
|d MiAaPQ
|
| 050 |
|
4 |
|a HD6483
|b .C436 2006
|
| 082 |
0 |
|
|a 331.88/0917/521
|2 21
|
| 245 |
0 |
0 |
|a Changing prospects for trade unionism :
|b comparisons between six countries /
|c edited by Peter Fairbrother and Gerard Griffin.
|
| 264 |
|
1 |
|a Oxfordshire, [England] ;
|a New York, New York :
|b Routledge,
|c 2006.
|
| 264 |
|
4 |
|c 2002
|
| 300 |
|
|
|a 1 online resource (272 pages).
|
| 336 |
|
|
|a text
|2 rdacontent
|
| 337 |
|
|
|a computer
|2 rdamedia
|
| 338 |
|
|
|a online resource
|2 rdacarrier
|
| 490 |
1 |
|
|a Employment and Work Relations in Context Series
|
| 504 |
|
|
|a Includes bibliographical references at the end of each chapters and index.
|
| 588 |
|
|
|a Description based on print version record.
|
| 590 |
|
|
|a Electronic reproduction. Ann Arbor, MI : ProQuest, 2015. Available via World Wide Web. Access may be limited to ProQuest affiliated libraries.
|
| 650 |
|
0 |
|a Labor unions.
|
| 655 |
|
4 |
|a Electronic books.
|
| 700 |
1 |
|
|a Fairbrother, Peter,
|e editor.
|
| 700 |
1 |
|
|a Griffin, Gerard,
|e editor.
|
| 776 |
0 |
8 |
|i Print version:
|t Changing prospects for trade unionism : comparisons between six countries.
|d Oxfordshire, [England] ; New York, New York : Routledge, 2006, c2002
|h viii, 263 pages
|k Employment and work relations in context.
|z 9780826456120
|w 2002019967
|
| 797 |
2 |
|
|a ProQuest (Firm)
|
| 830 |
|
0 |
|a Employment and work relations in context.
|
| 856 |
4 |
0 |
|u https://ebookcentral.proquest.com/lib/matrademy/detail.action?docID=3061292
|z Click to View
|